Metal and Rock Genre's by band. - Statistics

General Stats
  • This quiz has been taken 61 times
  • The average score is 13 of 35
Answer Stats
Hint Answer % Correct
Iron Maiden, Black Sabbath Heavy Metal
90%
Death, Morbid Angel, Sylosis Death Metal
84%
Queen, The Beatles, Led Zeppelin Rock
82%
Slipknot, Mudvayne, Korn Nu Metal
78%
Metallica, Megadeth, Exodus Thrash Metal
76%
Pearl Jam, Alice in Chains, Nirvana Grunge
74%
AC/DC, Van Halen, Aerosmith Hard Rock
74%
Mayhem, Behemoth, Venom Black Metal
62%
Imagine Dragons, Coldplay, Bastille Pop Rock
56%
Dream Theatre, Opeth, Gojira Progressive Metal
56%
Rammstein, Nine Inch Nails, Fear Factory Industrial Metal
48%
Sum 41, Green Day, Bad Religion Punk Rock
48%
Converge, Earth Crisis, Integrity Metalcore
44%
Motorhead, Helloween, Agent Steel Speed Metal
44%
Godsmack, Breaking Benjamin, System of a Down Alternative Metal
38%
Blink 182, My Chemical Romance, Fall Out Boy Emo Rock
38%
Rush, King Crimson, Genesis Progressive Rock
38%
Type O Negative, Paradise Lost, Anathema Gothic Metal
36%
Meshuggah, Periphery,TesseracT Djent
30%
Arctic Monkeys, Radiohead, The Smiths Indie Rock
30%
Fleetwood Mac, Eagles, Carpenters Soft Rock
30%
Nightwish, Epica, Within Tempation Symphonic Metal
30%
Knocked Loose, Turnstile, Soul Glo Hardcore
28%
Limp Bizkit, Hollywood Undead, Linkin Park Rap Rock
22%
Sunn (o), Boris, Khanate Drone Metal
18%
Attack Attack!, Asking Alexandria, I See Stars Crabcore
8%
Nickelback, Three Days Grace, Godsmack Butt Rock
4%
Fugazi, Refused, Thrice Post-Hardcore
4%
Electric Callboy, Enter Shikari Electronicore
2%
Absu, Goatlord, Havohej Black Metal 2nd Wave
0%
Killswitch Engage, Bullet for my Valentine Metalcore 2nd Wave
0%
Architects, Motionless in White, Ice Nine Kills Metalcore 3rd Wave
0%
Disturbed, Papa Roach, Coalchamber Nu Metal 2nd Wave
0%
Municipal Waste, Warbringer, Havok Thrash 3rd Wave
0%
Annihilator, Dark Angel, Sadus Thrash Metal 2nd Wave
0%
No matching quizzes found
Score Distribution
Percent of People with Each Score
Percentile by Number Answered
Your Score History
You have not taken this quiz